Najdroższe transfery w historii piłki nożnej - Statystyki

Ogólne statystyki
  • Ten quiz został rozwiązany 338 razy
  • Średni wynik to 47 z 104
Statystyki odpowiedzi
Rok transferu Kwota w mln EUR Sprzedawca Kupujący Narodowość Piłkarz % Poprawnych
2017 222 FC Barcelona Paris Saint-Germain Brazylia Neymar
99%
2018 180 AS Monaco Paris Saint-Germain Francja Kylian Mbappé
95%
2018 117 Real Madryt Juventus Portugalia Cristiano Ronaldo
91%
2017 135 Borussia Dortmund FC Barcelona Francja Ousmane Dembélé
91%
2019 120,8 Chelsea Real Madryt Belgia Eden Hazard
85%
2013 101 Tottenham Hotspur Real Madryt Walia Gareth Bale
83%
2018 135 Liverpool FC Barcelona Brazylia Philippe Coutinho
83%
2019 127,2 Benfica Atlético Madryt Portugalia João Félix
81%
2023 113 Borussia Dortmund Real Madryt Anglia Jude Bellingham
81%
2016 105 Juventus Manchester United Francja Paul Pogba
80%
2023 95 Tottenham Hotspur Bayern Monachium Anglia Harry Kane
79%
2021 113 Inter Mediolan Chelsea Belgia Romelu Lukaku
78%
2023 121 Benfica Chelsea Argentyna Enzo Fernández
77%
2021 117,5 Aston Villa Manchester City Anglia Jack Grealish
76%
2019 120 Atlético Madryt FC Barcelona Francja Antoine Griezmann
74%
2022 95 Ajax Manchester United Brazylia Antony
74%
2019 86 Ajax FC Barcelona Holandia Frenkie de Jong
71%
2023 116,6 West Ham United Arsenal Anglia Declan Rice
69%
2014 81,72 Liverpool FC Barcelona Urugwaj Luis Suárez
69%
2023 90 RB Lipsk Manchester City Chorwacja Joško Gvardiol
68%
2023 116 Brighton & Hove Albion Chelsea Ekwador Moisés Caicedo
68%
2018 84,65 Southampton Liverpool Holandia Virgil van Dijk
67%
2021 85 Borussia Dortmund Manchester United Anglia Jadon Sancho
65%
2022 85 Benfica Liverpool Urugwaj Darwin Núñez
63%
2015 76 VfL Wolfsburg Manchester City Belgia Kevin De Bruyne
59%
2022 83,5 Fiorentina Juventus Serbia Dušan Vlahović
58%
2019 85,5 Ajax Juventus Holandia Matthijs de Ligt
57%
2019 87 Leicester City Manchester United Anglia Harry Maguire
56%
2023 95 Eintracht Frankfurt Paris Saint-Germain Francja Randal Kolo Muani
55%
2014 75 AS Monaco Real Madryt Kolumbia James Rodríguez
54%
2023 70 Szachtar Donieck Chelsea Ukraina Mychajło Mudryk
54%
2018 67,8 Leicester City Manchester City Algieria Riyad Mahrez
54%
2009 69,5 Inter Mediolan FC Barcelona Szwecja Zlatan Ibrahimović
54%
2022 70 Real Sociedad Newcastle United Szwecja Alexander Isak
53%
2014 75 Real Madryt Manchester United Argentyna Ángel Di María
53%
2022 70,65 Real Madryt Manchester United Brazylia Casemiro
53%
2019 70 Atlético Madryt Manchester City Hiszpania Rodri
53%
2016 90 SSC Napoli Juventus Argentyna Gonzalo Higuaín
52%
2020 80 Bayer Leverkusen Chelsea Niemcy Kai Havertz
52%
2021 68 Inter Mediolan Paris Saint-Germain Maroko Achraf Hakimi
51%
2009 67 AC Milan Real Madryt Brazylia Kaká
51%
2001 77,5 Juventus Real Madryt Francja Zinédine Zidane
51%
2022 60 Borussia Dortmund Manchester City Norwegia Erling Braut Haaland
50%
2024 75 Manchester City Atlético Madryt Argentyna Julián Alvarez
50%
2020 65 Sporting CP Manchester United Portugalia Bruno Fernandes
49%
2023 73,9 Atalanta Manchester United Dania Rasmus Højlund
47%
2020 80,6 FC Barcelona Juventus Brazylia Arthur Melo
46%
2023 70 RB Lipsk Liverpool Węgry Dominik Szoboszlai
46%
2018 80 Athletic Bilbao Chelsea Hiszpania Kepa Arrizabalaga
46%
2020 77,5 LOSC Lille SSC Napoli Nigeria Victor Osimhen
46%
2019 80 LOSC Lille Arsenal Wybrzeże Kości Słoniowej Nicolas Pépé
45%
2018 63,75 Borussia Dortmund Arsenal Gabon Pierre-Emerick Aubameyang
45%
2019 64 Borussia Dortmund Chelsea Stany Zjednoczone Christian Pulisic
44%
2013 64,5 SSC Napoli Paris Saint-Germain Urugwaj Edinson Cavani
44%
2019 63 Eintracht Frankfurt Real Madryt Serbia Luka Jović
44%
2018 62,5 AS Roma Liverpool Brazylia Alisson Becker
43%
2020 71,6 Benfica Manchester City Portugalia Rúben Dias
43%
2022 80 AS Monaco Real Madryt Francja Aurélien Tchouaméni
42%
2019 80 Atlético Madryt Bayern Monachium Francja Lucas Hernández
41%
2019 65 Juventus Manchester City Portugalia João Cancelo
38%
2020 60 Juventus FC Barcelona Bośnia i Hercegowina Miralem Pjanić
38%
2015 63,7 Liverpool Manchester City Anglia Raheem Sterling
38%
2000 60 FC Barcelona Real Madryt Portugalia Luís Figo
36%
2022 66 Brighton & Hove Albion Chelsea Hiszpania Marc Cucurella
35%
2023 64,2 Chelsea Manchester United Anglia Mason Mount
35%
2018 72 AS Monaco Atlético Madryt Francja Thomas Lemar
33%
2017 66 Real Madryt Chelsea Hiszpania Álvaro Morata
32%
2024 65 Benfica Paris Saint-Germain Portugalia Gonçalo Ramos
32%
2022 57,37 Ajax Manchester United Argentyna Lisandro Martínez
31%
2024 55 RB Lipsk FC Barcelona Hiszpania Dani Olmo
30%
2023 58,9 AC Milan Newcastle United Włochy Sandro Tonali
30%
2022 58 Leeds United FC Barcelona Brazylia Raphinha
29%
2024 64,3 AFC Bournemouth Tottenham Hotspur Anglia Dominic Solanke
28%
2023 60 Rennes Manchester City Belgia Jérémy Doku
28%
2024 62 LOSC Lille Manchester United Francja Leny Yoro
28%
2022 80,4 Leicester City Chelsea Francja Wesley Fofana
28%
2023 60 RB Lipsk Chelsea Francja Christopher Nkunku
27%
2018 60 RB Lipsk Liverpool Gwinea Naby Keïta
27%
2017 60 Chelsea Shanghai SIPG Brazylia Oscar
27%
2017 57,5 AS Monaco Manchester City Francja Benjamin Mendy
26%
2023 60 Sporting CP Paris Saint-Germain Urugwaj Manuel Ugarte
26%
2024 60 Wolverhampton Chelsea Portugalia Pedro Neto
26%
2015 60 AS Monaco Manchester United Francja Anthony Martial
25%
2010 58,5 Liverpool Chelsea Hiszpania Fernando Torres
23%
2022 55 Manchester City FC Barcelona Hiszpania Ferran Torres
23%
2018 59 Szachtar Donieck Manchester United Brazylia Fred
23%
2016 56 Zenit Petersburg Shanghai SIPG Brazylia Hulk
23%
2024 60 Aston Villa Al-Ittihad Francja Moussa Diaby
23%
2022 58 Everton Tottenham Hotspur Brazylia Richarlison
22%
2018 60 Chelsea Atlético Madryt Hiszpania Diego Costa
21%
2023 60 Zenit Petersburg Al-Hilal Brazylia Malcom
21%
2023 62 Wolverhampton Manchester City Portugalia Matheus Nunes
21%
2024 59,35 Everton Aston Villa Belgia Amadou Onana
20%
2023 62,1 Southampton Chelsea Belgia Roméo Lavia
20%
2018 57 SSC Napoli Chelsea Włochy Jorginho
19%
2023 55 Wolverhampton Al-Hilal Portugalia Rúben Neves
19%
2019 62 Olympique Lyon Tottenham Hotspur Francja Tanguy Ndombélé
18%
2024 59,92 Benfica Paris Saint-Germain Portugalia João Neves
17%
2016 55,6 Everton Manchester City Anglia John Stones
16%
2000 56,81 Parma Lazio Argentyna Hernán Crespo
14%
2019 55 Crystal Palace Manchester United Anglia Aaron Wan-Bissaka
13%
2021 58,5 Brighton & Hove Albion Arsenal Anglia Ben White
13%
2023 60 FC Porto Al-Nassr Portugalia Otávio
12%
2023 55 Nottingham Forest Tottenham Hotspur Anglia Brennan Johnson
7%
Nie znaleziono quizów pasujących do podanych kryteriów
Rozkład punktacji
Procent ludzi z każdym wynikiem
Percentyl według liczby udzielonych odpowiedzi
Twoja historia wyników
Nie rozwiązałeś tego quizu